00725nam a2200229Ia 4500001000900000003000500009005001700014008004100031010001100072020003800083040000900121082002200130100002400152245010200176260006100278300001700339503000800356504002400364650003800388650003600426650003300462dia_4490CHAP20251023163628.0220117s2008 xx 000 0 und d a175151 a978-981-277-500-9 \ 981-277-500-5 cCHAP a333.9522 D76 2008 aDronamraju, Krishna aEmerging consequences of biotechnology : biodiversity loss and IPR issues /c Krishna Dronamrajo aEstados Unidos de América :b World Scientific,c2008 axxiv, 460 p. aC/e aIncluye referencias aDiversidad biológica agrícola aLa biotecnología agrícola  aLas plantas transgénicas